Statistics for Bangtan Boys: War of Hormone Lyrics

Click here to take the quiz!

General Stats

  • This quiz has been taken 196 times
  • The average score is 79 of 439

Answer Stats

Answer% Correct
you!
78%
I
77%
you
77%
Girl
71%
girl
71%
Hello
69%
hello
69%
now
67%
right
67%
me
67%
a
64%
(What!)
63%
what
63%
want
63%
Tell
63%
bad
62%
I'm
60%
boy
60%
so
53%
it
50%
like
49%
to
48%
give
47%
Yes
45%
La la la la la la la la la
40%
be
36%
fan
33%
I'll
33%
Imma
31%
go
31%
panic
28%
in
24%
of
23%
OK
23%
Thank
22%
Baby
21%
First
20%
Let
19%
babe
18%
(Nugu
18%
Lady
18%
Nae
18%
Nugu
18%
Yeoja
18%
nae
18%
da
14%
Jonjaehae
14%
Da
14%
ttaemune
13%
ttaemune?
13%
naega
12%
Gamsahae
12%
michin
12%
Oh
12%
Ni
11%
(Yup)
11%
ni
11%
Jeonhwa
10%
jwoseo
10%
bap
10%
much)
10%
jom
10%
(cham)
10%
(Very
10%
bichim
10%
female
10%
hae
10%
choego
9%
body
9%
geo
9%
Ah
9%
salge
9%
gichim
9%
Don
9%
(ham)
9%
Horeumon
8%
haejwo
8%
gata
8%
yojeum
8%
Nan
8%
neoppuniya
7%
Neon
7%
neon
7%
maeil
7%
apeseo
7%
Neoppuniya
7%
Namjagi
7%
nuni
7%
bae
7%
Hage
7%
mandeuneun
7%
yeojadeul
7%
uri
7%
al
7%
Ttam
7%
neomu
6%
simhage
6%
areumdawo
6%
Yeojaneun
6%
Seonmuriya
6%
seonmuriya
6%
Jinjja
6%
neoramyeon
6%
Illu
6%
andwae
6%
Aptaedo
6%
Jakkuman
6%
eobseo
6%
meori
6%
deuril
6%
ollyeojwo
6%
Yeojan
6%
siryeogeul
6%
otcharim
6%
Nege
6%
mom
6%
anirajiman
6%
Deo
6%
kkeon
6%
Nado
5%
manhi
5%
Meoributeo
5%
pillyo
5%
sowoneun
5%
dwae
5%
choegoui
5%
ppilppil
5%
doel
5%
sipjiman
5%
baewo
4%
segye
4%
yuhoge
4%
(Jayeollasik)
4%
neol
4%
namjadeureun
4%
Mal
4%
mari
4%
wabwa
4%
naui
4%
teseutoseuteron
4%
beonssik
4%
ssaum
4%
badi
4%
neoran
4%
Yeojaga
4%
geu
4%
Nolda
4%
Eorim
4%
handu
4%
haihilhil
4%
dagaseogo
4%
baebae
4%
mariyeo
4%
urin
4%
yeojadeurui
4%
geot
4%
jajega
4%
kkoineun
4%
jal
4%
geol
4%
dwitaedo
4%
balkkeutkkaji
4%
doragane
4%
ppeogi
3%
jache
3%
Gukga
3%
areo
3%
Nal
3%
dari
3%
heori
3%
jjae
3%
hu
3%
nal
3%
gaji
3%
Gwansim
3%
Mukjikhage
3%
gwansim
3%
sineojwo
3%
geon
3%
jeunggahaneun
3%
eobtji
3%
banpuneochi
3%
hanakkaji
3%
Geunde
3%
yeollyeodeorp
3%
bomyeo
3%
gwaenhi
3%
Yeojadeureun
3%
bangjeongsik
3%
bilbildaege
3%
Banchigiya
3%
paul
3%
Oneuldo
2%
jikyeo
2%
yeojadeuregen
2%
bammada
2%
choegoran
2%
jari
2%
wihan
2%
heeojil
2%
horeumongwaui
2%
michige
2%
Georeumgeori
2%
badamyeon
2%
simhae
2%
motaneun
2%
Mijeok
2%
chawoneseo
2%
Gwallihaeya
2%
mihyeong
2%
munhwajae
2%
Geunyeo
2%
jonjaeneun
2%
Yeonguhae
2%
daeum
2%
igyeonaen
2%
Horeumongwaui
2%
beomwikkaji
2%
eopdan
2%
geonchukhakgaeron
2%
namjaroseon
2%
eoisangsil
2%
Jageun
2%
jeseuchyeo
2%
gijuni
2%
bingsan?
1%
hanaedo
1%
chagaun
1%
haneun
1%
jageukhaji
1%
Geunyeoreul
1%
yeodeureumeul
1%
keompyuteo
1%

Score Distribution

Percentile by Number Answered

Percent of People with Each Score

Your Score History

You have not taken this quiz